<?xml version="1.0" encoding="UTF-8"?>
<record
    xmlns:xsi="http://www.w3.org/2001/XMLSchema-instance"
    xsi:schemaLocation="http://www.loc.gov/MARC21/slim http://www.loc.gov/standards/marcxml/schema/MARC21slim.xsd"
    xmlns="http://www.loc.gov/MARC21/slim">

  <leader>01782nam a22001937a 4500</leader>
  <datafield tag="999" ind1=" " ind2=" ">
    <subfield code="c">3733</subfield>
    <subfield code="d">3733</subfield>
  </datafield>
  <controlfield tag="003">DO-SdBJH</controlfield>
  <controlfield tag="005">20180524130319.0</controlfield>
  <controlfield tag="008">180524b           ||||| |||| 00| 0 spa d</controlfield>
  <datafield tag="040" ind1=" " ind2=" ">
    <subfield code="a">DO-SdBJH</subfield>
    <subfield code="b">spa</subfield>
    <subfield code="c">DO-SdBJH</subfield>
  </datafield>
  <datafield tag="082" ind1=" " ind2=" ">
    <subfield code="a">RD.972.9302</subfield>
    <subfield code="b"> L864e</subfield>
  </datafield>
  <datafield tag="100" ind1=" " ind2=" ">
    <subfield code="a">L&#xF3;pez Rodr&#xED;guez, Nicol&#xE1;s de Jes&#xFA;s</subfield>
  </datafield>
  <datafield tag="245" ind1=" " ind2=" ">
    <subfield code="a">En torno al Quinto Centenario /</subfield>
    <subfield code="c">Nicol&#xE1;s de Jes&#xFA;s L&#xF3;pez Rodr&#xED;guez</subfield>
  </datafield>
  <datafield tag="260" ind1=" " ind2=" ">
    <subfield code="a">Santo Domingo :</subfield>
    <subfield code="b">Amigo del Hogar,</subfield>
    <subfield code="c">1992</subfield>
  </datafield>
  <datafield tag="300" ind1=" " ind2=" ">
    <subfield code="a">224 p</subfield>
  </datafield>
  <datafield tag="490" ind1=" " ind2=" ">
    <subfield code="a">Colecci&#xF3;n Quinto Centenario. Serie conferencias </subfield>
    <subfield code="v">5</subfield>
  </datafield>
  <datafield tag="505" ind1=" " ind2=" ">
    <subfield code="a">La Espa&#xF1;ola: primog&#xE9;nita de la fe en Am&#xE9;rica 13|El nuevo Presbiterio de la Catedral Primada 33|La Espa&#xF1;ola 92 y el Faro a Col&#xF3;n 39|Primera evangelizaci&#xF3;n y evangelizaci&#xF3;n nueva a la luz de Medell&#xED;n y Puebla 43|El XX Congreso Latinoamericano de Qu&#xED;mica de 1992 69|En recuerdo del padre Miguel Domingo Fuertes 77|Nuestro reciente paso por Arag&#xF3;n 85|La puesta en valor de la ciudad colonial de Santo Domingo 91|El VII encuentro latinoamericano de pastoral castrense 95|Primac&#xED;as de Am&#xE9;rica en la Espa&#xF1;ola, 1492-1542|El encuentro de dos lenguas: La castellana y la Ta&#xED;na 105|Isabel la Cat&#xF3;lica, mujer aut&#xE9;ntica y virtuosa 133|Hacia el V centenario de la evangelizaci&#xF3;n en Am&#xE9;rica Latina 141|Ritual para el traslado de los restos de Col&#xF3;n 161|Santo Domingo: Centro de atenci&#xF3;n para Am&#xE9;rica Latina y el mundo en el 1992 165|Las primac&#xED;as de Am&#xE9;rica en el viejo mundo 175|Inauguraci&#xF3;n de la Casa de Quinto Centenario 193|Los Dominicanos y el Quinto Centenario 197|La nueva Enc&#xED;clica Centesimus Annus y la situaci&#xF3;n de Am&#xE9;rica Latina en vistas a la celebraci&#xF3;n del V Centenario 209</subfield>
  </datafield>
  <datafield tag="650" ind1=" " ind2=" ">
    <subfield code="2">Am&#xE9;rica</subfield>
    <subfield code="a">Espa&#xF1;oles</subfield>
    <subfield code="v">Espa&#xF1;oles</subfield>
    <subfield code="x">Descubrimiento y exploraciones</subfield>
    <subfield code="y">Ensayos, conferencias, etc</subfield>
    <subfield code="z">Espa&#xF1;oles</subfield>
  </datafield>
  <datafield tag="942" ind1=" " ind2=" ">
    <subfield code="2">ddc</subfield>
    <subfield code="c">BK</subfield>
  </datafield>
</record>
